[Event "?"]
[Site "?"]
[Date "2018.11.16"]
[Round "1.1"]
[White "Zimmermann, René"]
[Black "Diebel, Günter"]
[Result "1-0"]
[WhiteElo "2198"]
[BlackElo "1854"]
[PlyCount "83"]
[EventDate "2018.??.??"]
[WhiteTeam "SG Grün-Weiß Dresden"]
[BlackTeam "SW Nürnberg Süd"]

1. d4 d5 2. c4 Nf6 3. Nc3 e6 4. Bg5 Be7 5. Qc2 h6 6. Bh4 Nc6 7. e3 O-O 8. Nf3
a6 9. a3 dxc4 10. Bxc4 b5 11. Ba2 Bb7 12. Rd1 b4 13. Bb1 g6 14. Bxf6 bxc3 15.
Bxe7 Nxe7 16. Qxc3 Bxf3 17. gxf3 Nd5 18. Qd2 Qg5 19. Be4 Rab8 20. f4 Qe7 21.
Rc1 Rb6 22. O-O Rfb8 23. Rc2 Qh4 24. Kh1 Nf6 25. Bd3 Nd5 26. Rg1 Qh5 27. Rg3
Nf6 28. Be2 Qf5 29. f3 Nh5 30. Rg1 Qd5 31. b4 Rc6 32. Rxc6 Qxc6 33. Rc1 Qa4 34.
Qd3 a5 35. b5 Nf6 36. Rb1 c5 37. dxc5 Nd5 38. Bd1 Nxf4 39. exf4 Qxf4 40. b6 Qe5
41. c6 Qf6 42. c7 1-0

[Event "?"]
[Site "?"]
[Date "2018.11.16"]
[Round "1.2"]
[White "Süß, Helmut"]
[Black "Adelhütte, Dennis"]
[Result "1/2-1/2"]
[WhiteElo "1871"]
[BlackElo "1993"]
[PlyCount "62"]
[EventDate "2018.??.??"]
[WhiteTeam "SC Noris-Tarrasch"]
[BlackTeam "SC JÄKLECHEMIE"]

1. d4 d5 2. Bf4 Nf6 3. e3 c5 4. Nc3 cxd4 5. exd4 a6 6. Nf3 Nc6 7. h3 Bf5 8. a3
e6 9. Bd3 Ne4 10. O-O Be7 11. Re1 g5 12. Be3 h5 13. Bxe4 dxe4 14. Ne5 Bd6 15.
Nc4 Bc7 16. d5 Ne5 17. Nxe5 Bxe5 18. dxe6 Qxd1 19. exf7+ Kxf7 20. Raxd1 g4 21.
h4 g3 22. fxg3 Rhg8 23. Bg5 Bxg3 24. Re3 Bc7 25. Re2 Rge8 26. Kh1 Kg6 27. Rde1
Bg3 28. Rf1 Rac8 29. Nd5 Bd6 30. Nf4+ Bxf4 31. Rxf4 Rc6 1/2-1/2

[Event "?"]
[Site "?"]
[Date "2018.11.16"]
[Round "1.3"]
[White "Homi, Joseph"]
[Black "Floegel, Marco"]
[Result "1-0"]
[WhiteElo "1948"]
[BlackElo "1638"]
[PlyCount "53"]
[EventDate "2018.??.??"]
[WhiteTeam "SGem Fürth"]
[BlackTeam "SK Herzogenaurach"]

1. e4 d5 2. exd5 Qxd5 3. Nc3 Qa5 4. Nf3 c6 5. d4 Nf6 6. Be2 Qc7 7. Bc4 e6 8.
Ne5 Bd6 9. Bf4 Nbd7 10. Qe2 O-O 11. O-O Re8 12. Bg3 Nb6 13. Bd3 Nbd5 14. f4 Qb6
15. Nxd5 exd5 16. c3 Ne4 17. Bxe4 dxe4 18. Nc4 Qb5 19. Rae1 Bc7 20. f5 Bxg3 21.
hxg3 Qd5 22. f6 g6 23. Qe3 Kh8 24. Qh6 Rg8 25. Ne5 Bf5 26. Rf4 Rae8 27. Qxh7+
1-0

[Event "?"]
[Site "?"]
[Date "2018.11.16"]
[Round "1.4"]
[White "Behlert, Stefan"]
[Black "Ulusoy, Tolga"]
[Result "0-1"]
[WhiteElo "2049"]
[BlackElo "2023"]
[PlyCount "86"]
[EventDate "2018.??.??"]
[WhiteTeam "Zabo-Eintr. Nürnberg"]
[BlackTeam "SC Noris-Tarrasch"]

1. e4 c5 2. d4 cxd4 3. c3 g6 4. Nf3 Bg7 5. cxd4 d6 6. Bc4 Nf6 7. Nc3 O-O 8. O-O
Bg4 9. h3 Bxf3 10. Qxf3 Nc6 11. Rd1 Rc8 12. Bb3 a6 13. Bf4 Nh5 14. e5 Nxf4 15.
Qxf4 dxe5 16. dxe5 Qc7 17. Rac1 Qxe5 18. Qxe5 Bxe5 19. Nd5 Rcd8 20. Rxc6 bxc6
21. Nxe7+ Kg7 22. Rxd8 Rxd8 23. Nxc6 Re8 24. Nxe5 Rxe5 25. Kf1 a5 26. Bc4 f5
27. b3 Kf6 28. g3 Ke7 29. h4 Kd6 30. f4 Re7 31. Kf2 Kc5 32. Kf3 a4 33. g4 fxg4+
34. Kxg4 a3 35. h5 Re1 36. hxg6 hxg6 37. Kg5 Rg1+ 38. Kf6 Kb4 39. Bd3 Rg2 40.
Bxg6 Rxa2 41. Be4 Rf2 42. f5 a2 43. Ke6 a1=Q 0-1

[Event "?"]
[Site "?"]
[Date "2018.11.16"]
[Round "1.5"]
[White "Kraus, Sebastian"]
[Black "Meyer, Robert"]
[Result "1-0"]
[WhiteElo "1819"]
[BlackElo "1738"]
[PlyCount "81"]
[EventDate "2018.??.??"]
[WhiteTeam "SC JÄKLECHEMIE"]
[BlackTeam "SC Stein 1998"]

1. e4 e6 2. d4 d5 3. Nc3 Bb4 4. e5 c5 5. a3 Bxc3+ 6. bxc3 Ne7 7. Qg4 Ng6 8. h4
h5 9. Qg3 Nc6 10. Nf3 c4 11. Be2 Nce7 12. Bd2 Qa5 13. Ng5 Nf5 14. Qf3 Qa4 15.
Bd1 f6 16. exf6 gxf6 17. Nh3 Ngxh4 18. Qe2 Nxg2+ 19. Kf1 Ngh4 20. Nf4 Kf7 21.
Qe1 Bd7 22. Bxh5+ Rxh5 23. Nxh5 Qxc2 24. Qe2 Qe4 25. Qxe4 dxe4 26. Ng3 Bc6 27.
Nxf5 Nxf5 28. Rh7+ Kg6 29. Rh3 Rd8 30. Ke2 e5 31. Rg1+ Kf7 32. dxe5 fxe5 33.
Rh5 Bd7 34. Rh7+ Ke6 35. Rg6+ Kd5 36. Bg5 Nd4+ 37. cxd4 Bf5 38. Bxd8 Bxg6 39.
Rg7 Bh5+ 40. Kd2 exd4 41. Rg5+ 1-0

[Event "?"]
[Site "?"]
[Date "2018.11.16"]
[Round "1.6"]
[White "Bursian, Tim"]
[Black "Seidel, Michael"]
[Result "0-1"]
[WhiteElo "1724"]
[BlackElo "1997"]
[PlyCount "125"]
[EventDate "2018.??.??"]
[WhiteTeam "SC JÄKLECHEMIE"]
[BlackTeam "SC Schwarzenbach"]

1. d4 d6 2. c4 Nf6 3. Nf3 g6 4. Nc3 Bg7 5. e3 O-O 6. Be2 Nbd7 7. O-O e5 8. d5
a5 9. Qc2 Nc5 10. Nd2 Nfd7 11. e4 f5 12. Nb3 Qe7 13. exf5 gxf5 14. Nxa5 Rxa5
15. b4 Ra8 16. bxc5 Nxc5 17. Be3 b6 18. a4 Nd7 19. Ra3 f4 20. Bd2 Nc5 21. Bd3
Nxd3 22. Qxd3 Bd7 23. Ne4 Rxa4 24. Rfa1 Rfa8 25. g3 Rxa3 26. Rxa3 Rxa3 27. Qxa3
Bf5 28. Nc3 fxg3 29. hxg3 h5 30. Nb5 h4 31. gxh4 Qxh4 32. Qg3 Qxc4 33. Bh6 Qg4
34. Qxg4 Bxg4 35. Be3 Be2 36. Nxc7 b5 37. Na6 Kf7 38. Bd2 Bc4 39. Nb4 Kg6 40.
Kg2 Kf5 41. Kf3 e4+ 42. Kg3 Be5+ 43. Kg2 Bd4 44. Kg3 Bc5 45. Bc3 Bxb4 46. Bxb4
Ke5 47. Kg4 Be2+ 48. Kg5 Kxd5 49. Kf4 Bf3 50. Ke3 Bg2 51. Ba3 Bf1 52. Bb4 Bc4
53. Ba3 Ke5 54. Bb4 d5 55. Bc3+ Kf5 56. Bb4 Kg4 57. Bc3 Kh3 58. Bb4 Kg2 59. Bc3
Bd3 60. Bb4 d4+ 61. Kxd4 Kxf2 62. Bd2 Kf3 63. Bc1 0-1

[Event "?"]
[Site "?"]
[Date "2018.11.16"]
[Round "1.7"]
[White "Corral, Carlos"]
[Black "Denninger, David"]
[Result "1-0"]
[WhiteElo "2015"]
[BlackElo "1858"]
[PlyCount "33"]
[EventDate "2018.??.??"]
[WhiteTeam "SC Noris-Tarrasch"]
[BlackTeam "SC JÄKLECHEMIE"]

1. e4 c5 2. Nf3 d6 3. d4 cxd4 4. Qxd4 a6 5. c4 Nc6 6. Qe3 g6 7. Nc3 Bg7 8. Be2
Qa5 9. Bd2 Nb4 10. Rc1 Bh6 11. Qd4 Bxd2+ 12. Qxd2 Nf6 13. Nd5 Qc5 14. Qxb4
Qxb4+ 15. Nxb4 Nxe4 16. Nd5 Kd7 17. Nb6+ 1-0

[Event "?"]
[Site "?"]
[Date "2018.11.16"]
[Round "1.8"]
[White "Schlötterer, Hermann"]
[Black "Kocak, Ediz"]
[Result "0-1"]
[WhiteElo "1788"]
[BlackElo "1817"]
[PlyCount "68"]
[EventDate "2018.??.??"]
[WhiteTeam "Zabo-Eintr. Nürnberg"]
[BlackTeam "SG 1882 Fürth"]

1. d4 Nf6 2. g3 d5 3. Bg2 g6 4. Nf3 Bg7 5. c4 c6 6. O-O Ne4 7. Qc2 O-O 8. Rd1
Nd7 9. cxd5 cxd5 10. Bf4 Qb6 11. Nc3 Nxc3 12. Qxc3 Nf6 13. Rac1 Bg4 14. h3 Bf5
15. g4 Be6 16. e3 Rfc8 17. Qa3 h5 18. g5 Ne4 19. b3 Qb5 20. Bf1 Qd7 21. h4 Bh3
22. Nh2 Bxf1 23. Nxf1 Nc3 24. Rd2 Qg4+ 25. Ng3 Bxd4 26. Kg2 Bg7 27. f3 Qd7 28.
Qb4 a5 29. Qa3 e5 30. Ne4 Nxe4 31. fxe4 exf4 32. Kf2 fxe3+ 33. Kxe3 Qh3+ 34.
Ke2 Qg2+ 0-1

[Event "?"]
[Site "?"]
[Date "2018.11.16"]
[Round "1.9"]
[White "Cipra, Lothar"]
[Black "Weißmann, Peter"]
[Result "1/2-1/2"]
[WhiteElo "1921"]
[BlackElo "1756"]
[PlyCount "32"]
[EventDate "2018.??.??"]
[WhiteTeam "SK Schwanstetten"]
[BlackTeam "SG 1882 Fürth"]

1. d4 Nf6 2. c4 e6 3. Nf3 b6 4. Bg5 Bb7 5. e3 Bb4+ 6. Nc3 Bxc3+ 7. bxc3 d6 8.
Bd3 Nbd7 9. O-O h6 10. Bh4 g5 11. Bg3 Ne4 12. Bxe4 Bxe4 13. Ne1 h5 14. f3 Bb7
15. h3 f5 16. Qc2 Qf6 1/2-1/2

[Event "?"]
[Site "?"]
[Date "2018.11.16"]
[Round "1.10"]
[White "Albayrak, Aylin"]
[Black "Bruss, Robert"]
[Result "0-1"]
[WhiteElo "1686"]
[BlackElo "1688"]
[PlyCount "80"]
[EventDate "2018.??.??"]
[WhiteTeam "Zabo-Eintr. Nürnberg"]
[BlackTeam "SC Hersbruck"]

1. d4 Nf6 2. c4 e6 3. Nf3 b6 4. Bg5 Bb7 5. Nc3 Bb4 6. Qb3 c5 7. a3 Bxc3+ 8.
bxc3 Nc6 9. d5 Na5 10. Qa2 h6 11. Bxf6 Qxf6 12. Rc1 d6 13. e4 Ba6 14. Nd2 O-O-O
15. g3 exd5 16. Bh3+ Kc7 17. cxd5 h5 18. c4 h4 19. O-O hxg3 20. fxg3 Qh6 21.
Rxf7+ Kb8 22. Bg2 Qxh2+ 23. Kf2 Rdf8 24. Rxf8+ Rxf8+ 25. Nf3 Qh6 26. Rc3 g5 27.
Kg1 g4 28. Nh4 Qf6 29. Qc2 Qd4+ 30. Kh2 Rf2 31. Qc1 Nxc4 32. Qe1 Nd2 33. Re3
Nf1+ 34. Kg1 Re2 35. Qxf1 Qxe3+ 36. Kh2 Qf2 37. Qa1 Bc8 38. Qg1 c4 39. Qxf2
Rxf2 40. Kg1 c3 0-1

[Event "?"]
[Site "?"]
[Date "2018.11.16"]
[Round "1.11"]
[White "Balhar, Michael"]
[Black "Lingl, Xenia"]
[Result "1/2-1/2"]
[WhiteElo "1815"]
[BlackElo "1721"]
[PlyCount "37"]
[EventDate "2018.??.??"]
[WhiteTeam "SC Erlangen"]
[BlackTeam "SC JÄKLECHEMIE"]

1. e4 e6 2. b3 d5 3. Bb2 Nf6 4. exd5 exd5 5. Qe2+ Qe7 6. Bxf6 Qxe2+ 7. Nxe2
gxf6 8. Nbc3 c6 9. Ng3 Be6 10. Bd3 Nd7 11. f4 Nc5 12. Be2 Bd6 13. Rf1 f5 14. d4
Ne4 15. Ncxe4 fxe4 16. Kd2 f5 17. Bh5+ Kd7 18. Rf2 Rac8 19. Ne2 1/2-1/2

[Event "?"]
[Site "?"]
[Date "2018.11.16"]
[Round "1.12"]
[White "Dreiseitel, Werner"]
[Black "Killmann, Reinmar"]
[Result "0-1"]
[WhiteElo "1563"]
[BlackElo "1674"]
[PlyCount "122"]
[EventDate "2018.??.??"]
[WhiteTeam "SG 1882 Fürth"]
[BlackTeam "SC JÄKLECHEMIE"]

1. d4 d5 2. c4 dxc4 3. Nc3 e5 4. e3 exd4 5. exd4 Nf6 6. Bxc4 Bd6 7. Nf3 O-O 8.
h3 Nbd7 9. O-O Nb6 10. Bb3 c6 11. Be3 h6 12. a3 Re8 13. Re1 Be6 14. Rc1 Bd5 15.
Nxd5 Nbxd5 16. Bc2 Qc7 17. Bb1 Re7 18. Rc2 Rae8 19. Rce2 Nxe3 20. fxe3 Bg3 21.
Rf1 Rxe3 22. Rxe3 Rxe3 23. Qc2 Qe7 24. Qf5 Qd7 25. Qc2 Qe6 26. a4 Re2 27. Qc3
Qe3+ 28. Qxe3 Rxe3 29. Rd1 Re2 30. Rd2 Bf2+ 31. Kf1 Rxd2 32. Nxd2 Bxd4 33. b3
b5 34. axb5 cxb5 35. Ke2 Kf8 36. Kd3 Bb6 37. Kc3 Ba5+ 38. Kc2 Bxd2 39. Kxd2 Ne8
40. Kc3 Ke7 41. Kb4 Nc7 42. Kc5 b4 43. Kxb4 Kd6 44. Be4 Ke5 45. Bb7 Kd4 46. Bf3
f5 47. Bh5 f4 48. Bg6 Nd5+ 49. Kb5 Ne3 50. Ka6 Kc3 51. Be4 Kxb3 52. Kxa7 Kc4
53. Kb6 Kd4 54. Bf3 Nf5 55. Kc6 Nh4 56. Bd5 Ke3 57. Kd6 Kf2 58. Ke5 Kg3 59. Bc6
Nxg2 60. Bxg2 Kxg2 61. Kxf4 Kxh3 0-1

[Event "?"]
[Site "?"]
[Date "2018.11.16"]
[Round "1.13"]
[White "Schulz, Wilfried"]
[Black "Kiesendahl, Roland"]
[Result "1-0"]
[WhiteElo "1884"]
[BlackElo "1816"]
[PlyCount "73"]
[EventDate "2018.??.??"]
[WhiteTeam "SG 1882 Fürth"]
[BlackTeam "SC Erlangen"]

1. e4 e5 2. Nc3 Nf6 3. f4 d6 4. Nf3 Nbd7 5. Bc4 Be7 6. O-O O-O 7. d4 exd4 8.
Nxd4 Nc5 9. Qe1 Be6 10. Nxe6 Nxe6 11. Be3 c6 12. Rd1 Qc7 13. Qg3 b5 14. Bd3 Nc5
15. Bxc5 dxc5 16. e5 Nd5 17. Be4 Nxc3 18. Qxc3 Rad8 19. Qf3 Rxd1 20. Rxd1 Rd8
21. g3 Rxd1+ 22. Qxd1 Qd8 23. Qxd8+ Bxd8 24. Bxc6 b4 25. Bd5 Kf8 26. Kf2 g6 27.
Ke3 h5 28. h4 Ke7 29. Kd3 Bb6 30. Bc4 Bc7 31. Ke4 Bb6 32. Kd5 Kd7 33. b3 Ke7
34. Kc6 Ke8 35. Kd6 Kf8 36. Kd7 Ba5 37. Bxf7 1-0

[Event "?"]
[Site "?"]
[Date "2018.11.16"]
[Round "1.14"]
[White "Franz, Alexander"]
[Black "Deysenroth, Patrick"]
[Result "0-1"]
[WhiteElo "1626"]
[BlackElo "1610"]
[PlyCount "42"]
[EventDate "2018.??.??"]
[WhiteTeam "SC JÄKLECHEMIE"]
[BlackTeam "SC Noris-Tarrasch"]

1. e4 c5 2. Nc3 a6 3. f4 b5 4. Nf3 Bb7 5. d3 e6 6. a4 b4 7. Ne2 d6 8. Be3 Nf6
9. h3 Be7 10. Kd2 c4 11. a5 Nbd7 12. g4 cxd3 13. cxd3 Nc5 14. g5 Nfd7 15. h4 e5
16. f5 f6 17. Qc2 Rc8 18. Qc4 Nxe4+ 19. Qxe4 Bxe4 20. dxe4 Nc5 21. Ng3 Nb3+ 0-1

[Event "?"]
[Site "?"]
[Date "2018.11.16"]
[Round "1.15"]
[White "Haschemi, Said Habieb"]
[Black "Albayrak, Atilla"]
[Result "1-0"]
[WhiteElo "1584"]
[BlackElo "1437"]
[PlyCount "73"]
[EventDate "2018.??.??"]
[WhiteTeam "SG 1882 Fürth"]
[BlackTeam "Zabo-Eintr. Nürnberg"]

1. b3 {[%emt 0:00:00]} d6 2. Bb2 Nc6 3. e3 Nf6 4. Nf3 a6 5. Be2 Bf5 6. c4 e5 7.
d4 e4 8. Nfd2 Be7 9. Nc3 Nb4 10. O-O O-O 11. a3 Nd3 12. Bxd3 exd3 13. e4 Bg6
14. Re1 Nh5 15. Nf3 Nf4 16. g3 Nh3+ 17. Kg2 Qd7 18. Bc1 Bh5 19. Qxd3 Bg4 20.
Nd5 Bd8 21. Nf4 h6 22. Ng1 Ng5 23. h3 Be6 24. d5 Bxh3+ 25. Ngxh3 f5 26. Nxg5
hxg5 27. Ne6 fxe4 28. Rxe4 Rf5 29. Nxd8 Rxd8 30. Re6 Rdf8 31. Be3 g4 32. Rh1
Qf7 33. Bf4 g6 34. Rh6 Kg7 35. Rh1 g5 36. Qd4+ Kg8 37. Qh8# 1-0

[Event "?"]
[Site "?"]
[Date "2018.11.16"]
[Round "1.16"]
[White "Dreiseitel, Ursula"]
[Black "Großner, Josef"]
[Result "0-1"]
[WhiteElo "1478"]
[BlackElo "1781"]
[PlyCount "84"]
[EventDate "2018.??.??"]
[WhiteTeam "SG 1882 Fürth"]
[BlackTeam "SF Fürth"]

1. d4 Nf6 2. Bf4 d5 3. Nf3 e6 4. e3 c5 5. c3 Be7 6. Be2 O-O 7. Nbd2 Nc6 8. Qc2
h6 9. h3 Bd7 10. O-O-O a6 11. g4 Nh7 12. h4 f5 13. Rdg1 Kh8 14. g5 h5 15. Ne5
Be8 16. g6 Nf6 17. Ndf3 Ng4 18. Bg5 Nxf2 19. Bxe7 Qxe7 20. Rh2 Ng4 21. Nxg4
fxg4 22. Ng5 Rf6 23. Rf1 Bxg6 24. Qd2 Raf8 25. Rxf6 Rxf6 26. Bd1 Nd8 27. dxc5
Qxc5 28. e4 Nf7 29. exd5 Qxd5 30. Qxd5 exd5 31. Bc2 Bxc2 32. Kxc2 g6 33. Re2
Nxg5 34. hxg5 Rf7 35. Re5 Kg7 36. Rxd5 g3 37. Rd1 h4 38. Rg1 Rf5 39. Re1 g2 40.
Re7+ Rf7 41. Re1 h3 42. Rg1 Rf2+ 0-1

[Event "?"]
[Site "?"]
[Date "2018.11.16"]
[Round "1.17"]
[White "Ott, Hans"]
[Black "Brinkmann, Jörg"]
[Result "0-1"]
[WhiteElo "1566"]
[BlackElo "1172"]
[PlyCount "73"]
[EventDate "2018.??.??"]
[WhiteTeam "Zabo-Eintr. Nürnberg"]
[BlackTeam "SC JÄKLECHEMIE"]

1. e4 e6 2. d4 d5 3. Nc3 c5 4. Bb5+ Nc6 5. exd5 exd5 6. dxc5 Bxc5 7. Qxd5 Qb6
8. Bxc6+ bxc6 9. Qe4+ Be6 10. Nh3 Nf6 11. Qe2 O-O 12. Ng5 Rfe8 13. O-O Bd5 14.
Nxd5 Nxd5 15. Qh5 Nf6 16. Qxf7+ Kh8 17. Ne6 Re7 18. Ng5 Rxf7 19. Nxf7+ Kg8 20.
Ne5 Re8 21. Nd3 Bd6 22. Be3 Qc7 23. h3 Nd5 24. Bd2 c5 25. c4 Nf4 26. Nxf4 Bxf4
27. Bc3 Kf7 28. Rad1 Be5 29. Bxe5 Rxe5 30. Rd2 Qa5 31. Rd7+ Re7 32. Rxe7+ Kxe7
33. b3 Qxa2 34. Re1+ Kf7 35. Re3 a5 36. Rf3+ Kg8 37. Rd3 0-1

[Event "?"]
[Site "?"]
[Date "2018.11.16"]
[Round "1.18"]
[White "Gündel, Kay"]
[Black "Mankus, Siegfried"]
[Result "1-0"]
[WhiteElo "1170"]
[BlackElo "1550"]
[PlyCount "79"]
[EventDate "2018.??.??"]
[WhiteTeam "SC Stein 1998"]
[BlackTeam "Zabo-Eintr. Nürnberg"]

1. e4 e6 2. Nc3 d5 3. d3 c5 4. exd5 exd5 5. Qe2+ Be7 6. Nf3 h6 7. d4 cxd4 8.
Nxd4 Nc6 9. Qb5 Nf6 10. Nxc6 bxc6 11. Qd3 O-O 12. Be2 Re8 13. O-O Bg4 14. Bxg4
Nxg4 15. h3 Nf6 16. Qg3 Kh7 17. Qd3+ g6 18. Ne2 Bd6 19. f4 Ne4 20. Nd4 Bc5 21.
c3 Bxd4+ 22. cxd4 f5 23. b3 Rc8 24. Ba3 Rc7 25. Bb4 Rg8 26. Ba5 Qd7 27. Bxc7
Qxc7 28. h4 Qe7 29. Qh3 c5 30. Rad1 cxd4 31. Rxd4 Qc5 32. Rfd1 Qc2 33. Qe3 Rc8
34. Rxd5 Rc7 35. Rd7+ Rxd7 36. Rxd7+ Kg8 37. Rd8+ Kf7 38. Qxa7+ Ke6 39. Qd7+
Kf6 40. Rf8# 1-0

[Event "?"]
[Site "?"]
[Date "2018.11.16"]
[Round "1.19"]
[White "Hamazaspyan, Seryozka"]
[Black "Harder, Dennis"]
[Result "0-1"]
[WhiteElo "1601"]
[BlackElo "1168"]
[PlyCount "119"]
[EventDate "2018.??.??"]
[WhiteTeam "SC JÄKLECHEMIE"]
[BlackTeam "SC Stein 1998"]

1. e4 e5 2. f4 Nc6 3. Nf3 d6 4. Bc4 h6 5. d3 Nf6 6. Nc3 Be6 7. Bb3 Be7 8. Be3
exf4 9. Bxf4 O-O 10. Qd2 a6 11. h3 Na5 12. Bd5 c6 13. Bxe6 fxe6 14. b4 e5 15.
Be3 d5 16. exd5 cxd5 17. bxa5 d4 18. Nxe5 dxe3 19. Qxe3 Qxa5 20. d4 Bb4 21. O-O
Bxc3 22. Nc4 Qb4 23. Qe6+ Kh8 24. Rab1 Bxd4+ 25. Kh1 Qc3 26. Rxb7 Nh7 27. Rfb1
Qxc2 28. Nd6 Ng5 29. Qe7 Bf6 30. Qe3 Rad8 31. Qb6 Ne4 32. Nxe4 Qxe4 33. Qxa6
Qc2 34. Qf1 Bd4 35. Qe1 Bc3 36. Qg1 Bd4 37. Qe1 Rde8 38. Qh4 Qf2 39. Qxf2 Bxf2
40. Kh2 Re2 41. a4 Ra2 42. R7b4 Bc5 43. Rc4 Bd6+ 44. Kg1 Ra8 45. Rd1 Be5 46.
Re1 Re8 47. Ree4 Rd2 48. a5 Ra2 49. Rc5 Ra1+ 50. Kf2 Bg3+ 51. Kf3 Ra3+ 52. Kg4
Rxe4+ 53. Kf5 Re5+ 54. Rxe5 Bxe5 55. Kxe5 Rxa5+ 56. Kf4 g5+ 57. Kg4 Kg7 58. Kh5
Ra2 59. g3 Rb2 60. g4 0-1

[Event "?"]
[Site "?"]
[Date "2018.11.16"]
[Round "1.20"]
[White "Albayrak, Melissa"]
[Black "Klinger, Klaus"]
[Result "0-1"]
[WhiteElo "1164"]
[BlackElo "1696"]
[PlyCount "130"]
[EventDate "2018.??.??"]
[WhiteTeam "Zabo-Eintr. Nürnberg"]
[BlackTeam "Zabo-Eintracht Nürnberg"]

1. e4 c6 2. Nc3 e6 3. d4 d5 4. e5 Nd7 5. Nf3 c5 6. Be3 c4 7. Be2 h6 8. O-O a6
9. b3 Bb4 10. Na4 b5 11. Nc5 Qb6 12. Nxd7 Bxd7 13. bxc4 bxc4 14. Rb1 Qa5 15.
Ra1 Bc3 16. Bd2 Ne7 17. Bxc3 Qxc3 18. Qd2 Qxd2 19. Nxd2 Rb8 20. Rab1 O-O 21. c3
a5 22. Rxb8 Rxb8 23. Rb1 Rb5 24. Bd1 Nc8 25. h3 Nb6 26. g4 g6 27. Kg2 Kg7 28.
f4 g5 29. f5 Rxb1 30. f6+ Kg8 31. Nxb1 Ba4 32. Bxa4 Nxa4 33. Kg3 Nb2 34. h4 Nd3
35. a3 Kh7 36. h5 Kg8 37. Kf3 Kf8 38. Ke3 Ke8 39. Kf3 Kd7 40. Ke2 Kc6 41. a4
Nb2 42. Na3 Nxa4 43. Kd2 Nb2 44. Kc2 Nd3 45. Kd2 Nf2 46. Ke3 Ne4 47. Ke2 Nxc3+
48. Kd2 Ne4+ 49. Ke3 Nc3 50. Kd2 Na4 51. Ke3 Kb6 52. Kd2 Ka6 53. Kc2 Nb6 54.
Kc3 Nd7 55. Kb2 a4 56. Kc3 Ka5 57. Nc2 Nb8 58. Na3 Nc6 59. Nc2 Kb5 60. Na3+ Kb6
61. Nc2 Ka5 62. Na3 Nb4 63. Nc2 Nxc2 64. Kxc2 Kb4 65. Kb2 c3+ 0-1

[Event "?"]
[Site "?"]
[Date "2018.11.16"]
[Round "1.21"]
[White "Albayrak, Berrak"]
[Black "Walisch, Wilfried"]
[Result "1-0"]
[WhiteElo "1512"]
[BlackElo "1078"]
[PlyCount "53"]
[EventDate "2018.??.??"]
[WhiteTeam "Zabo-Eintr. Nürnberg"]
[BlackTeam "SW Nürnberg Süd"]

1. e4 d6 2. d4 Nf6 3. Nc3 e5 4. dxe5 dxe5 5. Qxd8+ Kxd8 6. Bg5 Be6 7. Nf3 Bd6
8. O-O-O Ke7 9. Bxf6+ gxf6 10. Nb5 Nc6 11. Nxd6 cxd6 12. a3 a6 13. Nd2 b5 14.
b3 Rhc8 15. Kb2 f5 16. Bd3 fxe4 17. Bxe4 Ra7 18. Bxc6 Rxc6 19. Rc1 Bf5 20. Rhe1
Rac7 21. c3 f6 22. Nf3 a5 23. Nd4 Kd7 24. Nxf5 b4 25. axb4 axb4 26. cxb4 Ke6
27. Nd4+ 1-0

[Event "?"]
[Site "?"]
[Date "2018.11.16"]
[Round "1.22"]
[White "Denninger, Tanja"]
[Black "Adelhardt, Lisa"]
[Result "0-1"]
[WhiteElo "1070"]
[BlackElo "1289"]
[PlyCount "78"]
[EventDate "2018.??.??"]
[WhiteTeam "SC JÄKLECHEMIE"]
[BlackTeam "Schachtreff Röttenbach"]

1. d4 e6 2. Bf4 b6 3. e3 Bb7 4. c3 Nf6 5. Nd2 c5 6. Ngf3 Nc6 7. h3 Be7 8. Bd3
h6 9. Qe2 cxd4 10. exd4 d6 11. O-O-O Qd7 12. Nb3 O-O-O 13. Bb5 Qc7 14. g4 g5
15. Bg3 Kb8 16. Kb1 Ka8 17. Nfd2 Rc8 18. Ne4 Nxe4 19. Qxe4 Nd8 20. Qe1 Bxh1 21.
Qxh1+ Qb7 22. Qxb7+ Nxb7 23. Rf1 d5 24. f4 Nd6 25. Ba6 Rcf8 26. f5 Ne4 27. Re1
Nxg3 28. a4 Ne4 29. Rc1 Nd6 30. Nd2 Ne8 31. c4 Nc7 32. Bb5 Nxb5 33. axb5 exf5
34. gxf5 dxc4 35. Rxc4 Rc8 36. Ra4 Kb7 37. d5 Rhd8 38. Re4 Bf6 39. Nc4 Rxd5 0-1

[Event "?"]
[Site "?"]
[Date "2018.11.16"]
[Round "1.23"]
[White "Albayrak, Nese Pinar"]
[Black "Ziegler, Roman"]
[Result "1-0"]
[WhiteElo "1494"]
[BlackElo "1028"]
[PlyCount "79"]
[EventDate "2018.??.??"]
[WhiteTeam "Zabo-Eintr. Nürnberg"]
[BlackTeam "SK Kriegshaber"]

1. e4 e6 2. d4 d5 3. Nd2 Nc6 4. Ngf3 f6 5. Bd3 Bd6 6. O-O Nge7 7. c3 O-O 8. Re1
b6 9. Qc2 g6 10. exd5 exd5 11. Nf1 Re8 12. Nh4 Qd7 13. Bh6 Qg4 14. g3 Bf5 15.
Nxf5 Nxf5 16. Bxf5 gxf5 17. Ne3 Qe4 18. Qxe4 fxe4 19. Nxd5 Ne7 20. Nxf6+ Kf7
21. Nxe8 Rxe8 22. Rxe4 Nf5 23. Rxe8 Kxe8 24. Re1+ Kf7 25. Bg5 c5 26. d5 Ng7 27.
Re4 a5 28. Bd8 b5 29. Bxa5 Ne8 30. Bd8 Nf6 31. Bxf6 Bf8 32. Bg5 Kg6 33. Bf4 h5
34. d6 Kf5 35. f3 Bg7 36. d7 Bf6 37. Re8 b4 38. Rf8 h4 39. d8=Q Ke6 40. Rxf6#
1-0

[Event "?"]
[Site "?"]
[Date "2018.11.16"]
[Round "1.24"]
[White "Heigwer, Florian"]
[Black "Slavik, Fabian"]
[Result "0-1"]
[WhiteElo "967"]
[BlackElo "1488"]
[PlyCount "48"]
[EventDate "2018.??.??"]
[WhiteTeam "SC JÄKLECHEMIE"]
[BlackTeam "SC Stein 1998"]

1. e4 c5 2. Nc3 e6 3. Bb5 a6 4. Ba4 b5 5. Bb3 c4 6. a4 cxb3 7. axb5 bxc2 8.
Qxc2 Bb7 9. bxa6 Rxa6 10. Rxa6 Nxa6 11. e5 Bxg2 12. Qa4 Nc5 13. Qf4 Nd3+ 14.
Kd1 Nxf4 15. d4 Ng6 16. Nge2 Bxh1 17. Ng3 Bf3+ 18. Ke1 Qb6 19. d5 Qd4 20. Be3
Qxe5 21. Nce4 Qxd5 22. Nc3 Qd3 23. Bg5 Bb4 24. Nh5 Qd1# 0-1